000 00739nam a2200253Ia 4500
003 OSt
005 20220918110409.0
006 a|||||r|||| 00| 0
007 ta
008 220915b |||||||| |||| 00| 0 eng d
024 _a12380
037 _cReference Collections
040 _aARTS
_cARTS
_beng
041 _2eng
_aeng
082 _a/\:8k, L4 (RR)
100 _aCavendish Richard
_97547
245 0 _aEncyclopedia of the unexplained
_b Magic, occultism and parapsychology
260 _aNew York
_bMcGraw-Hill
_c1974
300 _a304p. illus
500 _aBibliography 286-297p
650 _aSPIRITUALISM
942 _h/\:8k, L4 (RR)
_cREF
999 _c112580
_d112580